| 000 | 00326nam a2200121Ia 4500 | ||
|---|---|---|---|
| 008 | 230907s9999||||xx |||||||||||||| ||und|| | ||
| 082 | _a621.319,SIV | ||
| 100 |
_aSivanagaraju, Dr S. _9115203 |
||
| 245 | 0 | _aElectrical power system analysis/ | |
| 260 |
_aUni science Press _bNew Delhi _c2014 |
||
| 300 | _a407,p.; | ||
| 942 | _cBK | ||
| 999 |
_c597840 _d597840 |
||